[Event "Asian Continental w 2013"]
[Site "Manila PHI"]
[Date "2013.05.21"]
[Round "4.14"]
[White "Lei Tingjie"]
[Black "Xu Huahua"]
[Result "1/2-1/2"]
[WhiteElo "2232"]
[BlackElo "2135"]

1.d4 Nf6 2.Bg5 c5 3.d5 Qb6 4.Nc3 Qxb2 5.Bd2 Qb6 6.e4 d6 7.f4 e6 8.Bb5+ Bd7
9.dxe6 fxe6 10.Bc4 Nc6 11.Rb1 Qc7 12.Nf3 a6 13.a4 O-O-O 14.O-O Na5 15.Ba2 Nc6
16.Ng5 Re8 17.Nf7 Rg8 18.e5 Nb4 19.exd6 Bxd6 20.Be3 Be7 21.Bc4 Nfd5 22.Bxd5 Nxd5
23.Nxd5 exd5 24.Qxd5 Bxa4 25.Ne5 Bc6 26.Qe6+ Bd7 27.Nxd7 Qxd7 28.Qxd7+ Kxd7
29.Rxb7+ Kc6 30.Rfb1 Bd8 31.Kf2 Ba5 32.Ra7 Ra8 33.Re7 Rae8 34.Rxe8 Rxe8 35.Ra1 Kb6
36.Rb1+ Kc6 37.Ra1 Kb6 38.Bxc5+ Kxc5 39.Rxa5+ Kb6 40.Rg5 g6 41.f5 gxf5 42.Rxf5 Rc8
43.Rf6+ Kb5 44.g4 Rxc2+ 45.Kg3 Rc7 46.g5 a5 47.Rf8 a4 48.Ra8 Kb4 49.Kg4 a3
50.h4 Rc4+ 51.Kg3 Kb3 52.h5 a2 53.g6 Ra4 54.Rb8+ Rb4 55.Ra8 Ra4 56.Rb8+ Ka3
57.g7 a1=Q 58.g8=Q Qe5+ 59.Kg2 Qe2+ 60.Kg3 Qe1+ 61.Kg2 Qd2+ 62.Kh3 Qd7+ 63.Kg3 Qd3+
64.Kg2 Qe4+ 65.Kg1 Qd4+ 66.Kg2 Qd2+ 67.Kh3 Qd7+ 68.Kg3 Qc7+ 69.Kh3 Qd7+  1/2-1/2

[Event "22nd TCh-CRO Cup 2013"]
[Site "Bol na Bracu CRO"]
[Date "2013.05.22"]
[Round "1.63"]
[White "Bender,Z"]
[Black "Leventic,I"]
[Result "0-1"]
[WhiteElo "2136"]
[BlackElo "2443"]

1.d4 Nf6 2.Bg5 d5 3.Bxf6 gxf6 4.Nd2 c5 5.e3 Qb6 6.Ngf3 cxd4 7.Nxd4 e5 8.N4b3 Nc6
9.c3 Be6 10.a4 a6 11.a5 Qc7 12.Ra4 Rd8 13.Qa1 h5 14.Rh4 d4 15.Be2 dxe3 16.fxe3 Rg8
17.Bf3 f5 18.e4 fxe4 19.Rxe4 Bf5 20.Re2 Bd3 21.Ne4 Be7 22.Rf2 Rg7 23.Nbc5 Bc4
24.b4 Kf8 25.Be2 Bd5 26.O-O Kg8 27.Bxh5 f5 28.Ng3 Bxc5 29.bxc5 f4 30.Ne2 Qe7
31.Bf3 e4 32.Nxf4 exf3 33.Nxd5 Rxd5 34.Qa2 Qxc5 35.Kh1 fxg2+ 36.Rxg2 Rxg2
37.Kxg2 Kh8 38.Rf8+ Qxf8 39.Qxd5 Qg8+ 40.Qxg8+ Kxg8 41.Kf3 Nxa5 42.Ke4 Nc6
43.Kd5 a5  0-1

[Event "22nd TCh-CRO Cup 2013"]
[Site "Bol na Bracu CRO"]
[Date "2013.05.23"]
[Round "2.64"]
[White "Havas,Ja"]
[Black "Zivkovic,Vj"]
[Result "0-1"]
[WhiteElo "2114"]
[BlackElo "2375"]

1.d4 Nf6 2.Bg5 d5 3.Bxf6 exf6 4.e3 Bd6 5.g3 f5 6.Bg2 c6 7.Ne2 Nd7 8.O-O Nf6
9.Nd2 Be6 10.Nf3 O-O 11.Nf4 Ne4 12.Nd3 Qe7 13.Rc1 Rad8 14.c3 f6 15.Nf4 Bf7
16.Nh4 g6 17.Nd3 Rfe8 18.Qa4 a6 19.Qc2 Be6 20.b4 g5 21.Nf3 Kg7 22.Nc5 Bc8
23.a4 h5 24.Nd2 h4 25.Ncxe4 fxe4 26.Rfe1 f5 27.b5 axb5 28.axb5 hxg3 29.fxg3 f4
30.exf4 gxf4 31.Nf1 Qf6 32.bxc6 bxc6 33.gxf4 Bxf4 34.Ra1 Re7  0-1

[Event "40 Yrs Beer Sheva CC"]
[Site "Beer Sheva ISR"]
[Date "2013.05.26"]
[Round "3"]
[White "Nabaty,T"]
[Black "Khmelniker,I"]
[Result "1/2-1/2"]
[WhiteElo "2579"]
[BlackElo "2494"]

1.d4 Nf6 2.Bg5 c5 3.Bxf6 gxf6 4.dxc5 Na6 5.Nc3 e6 6.e4 Nxc5 7.Qf3 Be7 8.Nh3 d6
9.Nf4 Bd7 10.Nh5 Rg8 11.O-O-O a6 12.Kb1 Bc6 13.Qe3 Qd7 14.Nd5 Bxd5 15.exd5 e5
16.g4 Qxg4 17.Be2 Qe4 18.Qd2 O-O-O 19.Ng3 Qf4 20.Qxf4 exf4 21.Nf5 Bf8 22.Rd4 Re8
23.Bf3 Nd7 24.Rxf4 Ne5 25.h4 Kd7 26.a3 Be7 27.Be2 Bd8 28.Ng3 Ng6 29.Bg4+ Kc7
30.Rc4+ Kb6 31.Bf5 Ka7 32.Ne4 Re5 33.Nxd6 Rxd5 34.Nc8+ Kb8 35.Be4 Rd2 36.h5 Ne5
37.Rc3 h6 38.Re1 Ba5 39.Rc5 b6 40.Rxe5 fxe5 41.Ne7 Rg5 42.b4 Rxf2 43.bxa5 bxa5
44.Rd1 f5 45.Bc6 Kc7 46.Rd7+ Kb6 47.Ba8 e4 48.Nd5+ Kc5 49.Kb2 Rg8 50.Bb7 Rb8
51.Nc3 e3 52.Kb3 Rxb7+ 53.Rxb7 f4 54.Re7 Kd6 55.Re4 Kc5 56.Re5+ Kd6 57.Re4 Kc5
58.Re6 Kd4 59.Re4+ Kc5 60.Rc4+ Kd6 61.Ne4+ Ke5 62.Nc3  1/2-1/2

[Event "Chicago Open 2013"]
[Site "Wheeling USA"]
[Date "2013.05.26"]
[Round "7.15"]
[White "Kekelidze,M"]
[Black "Griggs,Walker K"]
[Result "1-0"]
[WhiteElo "2509"]
[BlackElo "2202"]

1.d4 Nf6 2.Bg5 c5 3.d5 Qb6 4.Nc3 Qxb2 5.Bd2 Qb6 6.e4 d6 7.f4 e5 8.Bb5+ Bd7
9.Bxd7+ Nbxd7 10.f5 h5 11.Nf3 a6 12.a4 Be7 13.O-O c4+ 14.Kh1 Qc7 15.Qe2 O-O
16.Ng5 Rfb8 17.a5 b5 18.axb6 Rxb6 19.h3 Rb2 20.Bc1 Rb7 21.g4 Qd8 22.Nxf7 Kxf7
23.g5 h4 24.gxf6 Nxf6 25.Bg5 Qh8 26.Bxf6 Bxf6 27.Nd1 Qc8 28.Ne3 Qc5 29.Qh5+ Ke7
30.Ng4 Rg8 31.Rg1 Rbb8 32.Nxf6  1-0

[Event "2nd Salento Open"]
[Site "Gallipoli ITA"]
[Date "2013.05.27"]
[Round "4.17"]
[White "Alkhateeb,T"]
[Black "Mastrolonardo,Francesco"]
[Result "1/2-1/2"]
[WhiteElo "1984"]
[BlackElo "1912"]

1.d4 Nf6 2.Bg5 c5 3.Bxf6 exf6 4.dxc5 Bxc5 5.e3 d6 6.Bb5+ Nc6 7.c3 a6 8.Bc4 Qe7
9.Nf3 O-O 10.O-O Bg4 11.Nbd2 Rad8 12.Qc2 d5 13.Bd3 g6 14.Nd4 Ne5 15.h3 Nxd3
16.Qxd3 Be6 17.N2f3 Rfe8 18.Rad1 Qc7  1/2-1/2

[Event "6th Mayors Cup 2013"]
[Site "Mumbai IND"]
[Date "2013.05.30"]
[Round "2"]
[White "Rahman,Zia"]
[Black "Kulkarni,C"]
[Result "1/2-1/2"]
[WhiteElo "2498"]
[BlackElo "2268"]

1.d4 Nf6 2.Bg5 c5 3.d5 d6 4.Nc3 Nbd7 5.e4 g6 6.Nf3 Bg7 7.Be2 O-O 8.O-O Re8
9.a4 h6 10.Bf4 g5 11.Bg3 Nh5 12.Ra3 Nxg3 13.hxg3 Nf8 14.Nh2 Ng6 15.f4 a6
16.Kh1 Bd7 17.Bg4 Rb8 18.Bxd7 Qxd7 19.Qh5 b5 20.axb5 axb5 21.Nd1 Ra8 22.Rxa8 Rxa8
23.Ne3 gxf4 24.gxf4 Ra4 25.Nf5 Qa7 26.Nxg7 Kxg7 27.f5 Ne5 28.f6+ exf6 29.Ng4 Nxg4
30.Qxg4+ Kf8 31.Qc8+ Ke7 32.Rf4 Ra1+ 33.Kh2  1/2-1/2

[Event "OKU Open A 2013"]
[Site "Maarssen NED"]
[Date "2013.05.31"]
[Round "1.17"]
[White "Fluit,J"]
[Black "Tinga,Tjerk"]
[Result "1-0"]
[WhiteElo "2123"]
[BlackElo "2008"]

1.d4 Nf6 2.Bg5 d5 3.Bxf6 exf6 4.e3 Bd6 5.c4 c6 6.cxd5 Bb4+ 7.Nc3 Qxd5 8.Nf3 Nd7
9.Bd3 O-O 10.O-O Qa5 11.Ne2 Qc7 12.Ng3 Nb6 13.Rc1 Be6 14.e4 Qd7 15.e5 Nd5
16.Ne4 f5 17.Nc5 Bxc5 18.Rxc5 Nb4 19.Bb1 b6 20.Rc3 Nxa2 21.Bxa2 Bxa2 22.b3 a5
23.Qc2 Bxb3 24.Qxb3 b5 25.Rfc1 Rfc8 26.Rc5 a4 27.Qb4 a3 28.Qb3 a2 29.Ra1 Qe6
30.Qxe6 fxe6 31.Rc2 b4 32.Rcxa2 Rab8 33.Rc1 Rb5 34.Kf1 b3 35.Rb2 Ra8 36.Rcb1  1-0

[Event "6th Mayors Cup 2013"]
[Site "Mumbai IND"]
[Date "2013.06.01"]
[Round "5"]
[White "Hoang Thanh Trang"]
[Black "Kulkarni,Vikramaditya"]
[Result "1/2-1/2"]
[WhiteElo "2476"]
[BlackElo "2350"]

1.d4 Nf6 2.Bg5 d5 3.Bxf6 exf6 4.e3 Be7 5.g3 O-O 6.Bg2 c6 7.Ne2 Bg4 8.O-O Qb6
9.b3 a5 10.Nbc3 Bb4 11.f3 Be6 12.a3 Be7 13.e4 dxe4 14.fxe4 c5 15.d5 Bg4 16.Kh1 c4
17.Qd4 Nd7 18.Qxb6 Nxb6 19.Nd4 Rfc8 20.Ncb5 cxb3 21.cxb3 Bd7 22.d6 Bf8 23.a4 Rc5
24.Rac1 Rac8 25.Rxc5 Rxc5 26.Rd1 g6 27.Bf1 Nc8 28.Be2 Bh3 29.Nf3 Bd7 30.Nfd4 Bh3  1/2-1/2

[Event "Grand Europe Open Albena"]
[Site "Albena BUL"]
[Date "2013.06.02"]
[Round "2.55"]
[White "Kirchev,K"]
[Black "Mgeladze,T"]
[Result "0-1"]
[WhiteElo "1890"]
[BlackElo "2197"]

1.d4 Nf6 2.Bg5 g6 3.Nc3 d5 4.Qd2 Bg7 5.Bh6 O-O 6.Bxg7 Kxg7 7.h4 h5 8.Nh3 Bxh3
9.Rxh3 Qd6 10.O-O-O Nbd7 11.f3 Qe6 12.e4 dxe4 13.Re1 Rfd8 14.fxe4 Ng4 15.Qf4 Ndf6
16.Rd3 c6 17.Be2 Rac8 18.Rf1 Nh6 19.g4 hxg4 20.e5 Nh5 21.Qg5 f6 22.exf6+ exf6
23.Qd2 Re8 24.Bd1 Rcd8 25.d5 Qe5 26.dxc6 Rxd3 27.Qxd3 bxc6 28.Bxg4 Nxg4 29.Qd7+ Re7
30.Qxg4 f5 31.Qg2 Qe3+ 32.Qd2 Kf6 33.Nd1 Qxd2+ 34.Kxd2 Re4 35.Rh1 Ng3 36.Rg1 f4
37.Nc3 Re5 38.Re1 Rh5 39.Re8 Rxh4 40.Rc8 Kf5 41.Rxc6 Rh2+ 42.Kd3 g5 43.Nd5 Nf1
44.Rc5 Rd2+ 45.Kc3 Ke6 46.Nb4 g4 47.Nd3 Kf6 48.Kd4 f3 49.Ke4 Rg2 50.Kf4 Nh2
51.Rc6+ Ke7 52.Rg6 Rxc2 53.a4 Rd2 54.Ke4 Rxd3  0-1

[Event "French Top 12 2013"]
[Site "Haguenau FRA"]
[Date "2013.06.03"]
[Round "5.3"]
[White "Saada,J"]
[Black "Sokolov,And1"]
[Result "1/2-1/2"]
[WhiteElo "2323"]
[BlackElo "2563"]

1.d4 Nf6 2.Bg5 d5 3.Bxf6 exf6 4.e3 Bd6 5.g3 O-O 6.Bg2 c6 7.Nd2 f5 8.Ne2 Nd7
9.O-O Nf6 10.c4 dxc4 11.Nxc4 Bc7 12.Qc2 Qe7 13.Rfd1 Re8 14.Nc3 Be6 15.d5 cxd5
16.Nxd5 Nxd5 17.Bxd5 Rab8 18.a4 Qd8  1/2-1/2

[Event "35th Nezhmetdinov Cup"]
[Site "Kazan RUS"]
[Date "2013.06.04"]
[Round "5.29"]
[White "Ovod,E"]
[Black "Konovalov,R2"]
[Result "1-0"]
[WhiteElo "2387"]
[BlackElo "2044"]

1.d4 Nf6 2.Bg5 g6 3.Bxf6 exf6 4.c4 Bg7 5.Nc3 O-O 6.g3 d6 7.Bg2 f5 8.e3 c5
9.Nge2 Nc6 10.Qd2 f4 11.gxf4 cxd4 12.exd4 Re8 13.O-O Bf5 14.b4 Nxb4 15.Bxb7 Rb8
16.Bg2 Qh4 17.Nb5 Bh6 18.Ng3 Bd3 19.Qxb4 Bxf1 20.Rxf1 a6 21.a4 Bxf4 22.a5 Qg5
23.Bc6 Rec8 24.d5 h5 25.Qa3 axb5 26.cxb5 h4 27.a6 hxg3 28.hxg3 Be5 29.a7 Rb6
30.a8=Q Rxa8 31.Qxa8+ Kg7 32.Kg2 Bd4 33.Rh1  1-0

[Event "Grand Europe Open Albena"]
[Site "Albena BUL"]
[Date "2013.06.06"]
[Round "6.38"]
[White "Skomorokhin,V"]
[Black "Stoinev,M"]
[Result "0-1"]
[WhiteElo "2383"]
[BlackElo "2236"]

1.d4 d5 2.Bg5 Nf6 3.Nd2 c6 4.c3 Bf5 5.Ngf3 h6 6.Bxf6 gxf6 7.g3 e6 8.Bg2 Qb6
9.Qb3 Nd7 10.Nh4 Bh7 11.e4 Be7 12.exd5 cxd5 13.O-O Bd3 14.Rfe1 f5 15.Re3 Qxb3
16.axb3 Be4 17.f3 Bg5 18.Rae1 Bxe3+ 19.Rxe3 f4 20.gxf4 Bh7 21.f5 Ke7 22.fxe6 fxe6
23.f4 Kd6 24.c4 Nf6 25.c5+ Kd7 26.Bh3 Rhg8+ 27.Kf1 Ng4 28.Rg3 h5 29.Bxg4 hxg4
30.Ke2 Raf8 31.Ng2 Bf5 32.Ne3 Rh8 33.Ndf1 Rh4 34.Kd2 Rf6 35.b4 a6 36.Rg2 Ke7
37.Ng3 Be4 38.Rf2 Bf3 39.f5 Rfh6 40.Ngf1 Kf6 41.fxe6 Kxe6 42.Kc3 Be4 43.Rd2 Rf6
44.b5 axb5 45.Kb4 Rf3 46.Ka5 Rhh3 47.Re2 Kd7 48.Kb6 Rh6+ 49.Kxb7 Rf7 50.Nxg4 Kd8+
51.Kb8 Rhh7 52.c6 Rc7  0-1

[Event "Grand Europe Open Albena"]
[Site "Albena BUL"]
[Date "2013.06.06"]
[Round "6.37"]
[White "Shurygin,S"]
[Black "Voiteanu,G"]
[Result "0-1"]
[WhiteElo "2390"]
[BlackElo "2248"]

1.d4 Nf6 2.Bg5 d5 3.Bxf6 exf6 4.e3 f5 5.Bd3 g6 6.Ne2 Bg7 7.Nf4 O-O 8.h4 h5
9.c4 dxc4 10.Bxc4 Qd6 11.Nc3 Nc6 12.Qd2 a6 13.Rd1 Re8 14.O-O Bh6 15.Nce2 Bd7
16.a3 Kg7 17.b4 Ne7 18.Qa2 Rf8 19.Rd2 Ng8 20.Bd5 c6 21.Bf3 Rac8 22.Qc4 Qe7
23.g3 Nf6 24.Qc5 Rfe8 25.Rc2 Qd8 26.Rfc1 Ne4 27.Qc4 Qe7 28.d5 Kh7 29.Qd3 Qe5
30.Qd4 Qe7 31.Qb6 Rb8 32.Qd4 Bg7 33.Qd3 Qe5 34.dxc6 Bxc6 35.Nd4 Ba4 36.Rc7 Re7
37.Rxe7 Qxe7 38.Bxe4 fxe4 39.Qc4 Rd8 40.b5 Qxa3 41.bxa6 bxa6 42.Rc3 Qa1+
43.Rc1 Bb5 44.Qc7 Rd7 45.Qc8 Qb2 46.Rc2 Qa1+ 47.Rc1 Qa3 48.Nxb5 axb5 49.Rb1 Rd2
50.Rxb5 Qa1+ 51.Kg2 Qd1 52.Nh3 Qf3+ 53.Kh2 Rxf2+ 54.Nxf2 Qxf2+  0-1

[Event "French Top 12 2013"]
[Site "Haguenau FRA"]
[Date "2013.06.07"]
[Round "9.4"]
[White "Saada,J"]
[Black "Hamdouchi,H"]
[Result "0-1"]
[WhiteElo "2323"]
[BlackElo "2602"]

1.d4 Nf6 2.Bg5 c5 3.d5 Ne4 4.Bf4 Qb6 5.Bc1 e6 6.f3 Nf6 7.c4 exd5 8.cxd5 c4
9.e3 Bc5 10.Kf2 d6 11.Bxc4 Nbd7 12.Ne2 O-O 13.Qb3 Qc7 14.Nbc3 a6 15.Ng3 b5
16.Be2 Bb7 17.Rd1 Bb6 18.a3 Rae8 19.Nge4 Nxe4+ 20.Nxe4 Re5 21.Kf1 Rfe8 22.Rd3 f5
23.Rc3 Qb8 24.Nf2 Bxd5 25.Qd1 Nf6 26.Nd3 R5e7 27.Nb4 Bb7 28.Bd2 d5  0-1

[Event "5th Capo d'Orso Open 2013"]
[Site "Porto Mannu ITA"]
[Date "2013.06.07"]
[Round "8.11"]
[White "Daly,Patrick"]
[Black "Danieli,E"]
[Result "0-1"]
[WhiteElo "1846"]
[BlackElo "2093"]

1.d4 d5 2.Bg5 Nf6 3.Nd2 e6 4.Ngf3 Nbd7 5.e3 Be7 6.Bd3 b6 7.O-O Bb7 8.c3 c5
9.Re1 h6 10.Bh4 O-O 11.Bc2 Ne4 12.Bxe7 Qxe7 13.h3 f5 14.Ba4 Nef6 15.Nh4 Kh7
16.Bc2 Ne4 17.Nhf3 Rf7 18.Ba4 Nef6 19.Rc1 Rg8 20.c4 g5 21.cxd5 Bxd5 22.Bc2 g4
23.hxg4 Rxg4 24.g3 Rfg7 25.e4 Nxe4 26.Nxe4 fxe4 27.Nh2 Rh4 28.Nf3 Kh8 29.Nxh4 Qxh4
30.Bxe4 Bxe4 31.Rxe4 Qxe4 32.dxc5 Nxc5 33.Qd2 Kh7 34.Re1 Qf5 35.b4 Ne4 36.Qe3 Ng5
37.Rc1 Rd7 38.Qc3 Ne4 39.Qb2 Ng5 40.a4 Nf3+ 41.Kg2 Nd4 42.Rc8 Qe4+ 43.Kg1 Rf7
44.Rd8 e5 45.Qa2 Ne2+ 46.Kh2 Rxf2+  0-1

[Event "FIDE World Blitz 2013"]
[Site "Khanty-Mansiysk RUS"]
[Date "2013.06.09"]
[Round "9.8"]
[White "Rakhmanov,Ale"]
[Black "Mamedov,Rau"]
[Result "0-1"]
[WhiteElo "2602"]
[BlackElo "2637"]

1.d4 Nf6 2.Bg5 g6 3.Bxf6 exf6 4.e3 f5 5.g3 Bg7 6.Bg2 h5 7.h4 O-O 8.Ne2 d6
9.c4 Nd7 10.Nbc3 Nf6 11.O-O Ng4 12.Nf4 Re8 13.b4 Rb8 14.b5 g5 15.hxg5 Qxg5
16.Qf3 h4 17.gxh4 Qxh4 18.Qh3 Qg5 19.Qh5 Bh6 20.Qxg5+ Bxg5 21.Rab1 Bd7 22.Ncd5 c6
23.Nc3 Bxf4 24.exf4 Nf6 25.bxc6 bxc6 26.Rxb8 Rxb8 27.Rb1 Rxb1+ 28.Nxb1 Nh5
29.Bf1 Nxf4 30.Kh2 Ne6 31.d5 cxd5 32.cxd5 Nc5 33.Nc3 Kg7 34.Kg3 Kf6 35.Kf4 a6
36.Bc4 Bc8 37.Ke3 Ke7 38.Ne2 Nd7 39.Nd4 Nb6 40.Bb3 Kf6 41.f4 a5 42.a3 Ba6
43.a4 Bc4 44.Bxc4 Nxc4+ 45.Kf3 Nb6 46.Nc6 Nxa4 47.Nxa5 Nb6 48.Nb7 Ke7 49.Na5 Nxd5
50.Nc6+ Kf6 51.Nd4 Nc7 52.Ke3 Ne6 53.Nb5 d5 54.Nd6 Nc7 55.Nb7 Nb5 56.Nc5 Ke7
57.Nd3 f6 58.Nf2 Kd6 59.Nh1 Kc5 60.Ng3 Nd6 61.Nh5 Ne4 62.Ng7 Nd6 63.Ne6+ Kc4
64.Nd4 Kc3 65.Ne2+ Kc4 66.Nd4 Kb4 67.Ne2 Nb5 68.Ng3 Kc3 69.Nxf5 d4+ 70.Ke4 d3
71.Ne3 d2 72.Nd5+ Kc2 73.Ne3+ Kc1 74.Kd3 Nd6 75.Ke2 Nf5  0-1

[Event "FIDE World Blitz 2013"]
[Site "Khanty-Mansiysk RUS"]
[Date "2013.06.09"]
[Round "9.11"]
[White "Vitiugov,N"]
[Black "Dubov,Danii"]
[Result "1/2-1/2"]
[WhiteElo "2734"]
[BlackElo "2638"]

1.d4 Nf6 2.Bg5 c5 3.Bxf6 gxf6 4.d5 Qb6 5.Qc1 f5 6.e3 Bh6 7.c4 f4 8.exf4 Bxf4
9.Qxf4 Qxb2 10.Ne2 Qxa1 11.Nc3 d6 12.Qd2 Rg8 13.g3 Rg4 14.f4 b5 15.cxb5 a6
16.b6 Nd7 17.Be2 Rb8 18.O-O Rxb6 19.Bxg4 Qb2 20.Qxb2 Rxb2 21.Rf2 Rb7 22.Nd2 Nb6
23.Bxc8 Nxc8 24.Kf1 Rb4 25.f5 Nb6 26.f6 Nd7 27.fxe7 Kxe7 28.Ke2 Ne5 29.Kd1 h5
30.Kc2 h4 31.Nde4 hxg3 32.Nxg3 Ng4 33.Re2+ Kd7 34.Re4 Nf6 35.Rxb4 cxb4 36.Nce4 Nxd5
37.Kb3 a5 38.Ng5 Nc3 39.Nxf7 a4+ 40.Kxb4 Nxa2+ 41.Kxa4 Nc3+ 42.Kb3 Nd5 43.Ng5 Ke7
44.Kc4 Ne3+ 45.Kd3 Ng4 46.h4 Ne5+ 47.Ke4 Ng6 48.h5 Kf6 49.Nf3 d5+ 50.Ke3 Ne7
51.Kf4 Nc6 52.Kg4 d4 53.Ne4+ Kg7 54.Kf5 Kh6 55.Nf6 d3 56.Kg4 Ne5+ 57.Kf4 Nxf3
58.Kxf3 d2 59.Ke4  1/2-1/2

[Event "National Open 2013"]
[Site "Las Vegas USA"]
[Date "2013.06.09"]
[Round "6"]
[White "Corrales Jimenez,F"]
[Black "Sevillano,E"]
[Result "0-1"]
[WhiteElo "2661"]
[BlackElo "2467"]

1.d4 Nf6 2.Bg5 d5 3.Bxf6 exf6 4.g3 c6 5.Bg2 Qb6 6.b3 a5 7.Nf3 a4 8.O-O axb3
9.cxb3 Bb4 10.a4 O-O 11.Na3 Na6 12.Qd3 g6 13.Nh4 Be6 14.Nc2 Be7 15.f4 f5
16.Nf3 Nc7 17.h4 Ne8 18.b4 Nd6 19.a5 Qd8 20.a6 b5 21.Ra2 Qb6 22.Rfa1 Ra7
23.Ne5 f6 24.Nf3 Rfa8 25.Nd2 Rxa6 26.Rxa6 Rxa6 27.Rxa6 Qxa6 28.Nb3 Bf7 29.Nc5 Qa2
30.Kh2 Qb1 31.Bf3 Nc4 32.Kh3 Qf1+ 33.Kh2 Qc1 34.Kh3 Nb2 35.Qb3 g5 36.hxg5 fxg5
37.fxg5 Bxg5 38.Nd3 Qf1+ 39.Kh2 Nxd3 40.Qxd3 Qf2+ 41.Kh1 Qxg3 42.Qxf5 Bg6
43.Qc8+ Kg7  0-1

[Event "27th Pula Open 2013"]
[Site "Pula CRO"]
[Date "2013.06.11"]
[Round "4.6"]
[White "Drazic,S"]
[Black "Sevo,I"]
[Result "1/2-1/2"]
[WhiteElo "2463"]
[BlackElo "2206"]

1.d4 Nf6 2.Bg5 c5 3.dxc5 e6 4.Nd2 Bxc5 5.e3 O-O 6.Ngf3 d5 7.a3 h6 8.Bh4 Be7
9.c4 b6 10.Rc1 Bb7 11.Qc2 Nbd7 12.Be2 Rc8 13.Qb1 dxc4 14.Rxc4 Ba6 15.Rd4 Bxe2
16.Kxe2 Nd5 17.Bxe7 Qxe7 18.Rc1 b5 19.Nb3 N7b6 20.Na5 Rxc1 21.Qxc1 Rc8 22.Qd2 Qc7
23.b4 Nc4 24.Nxc4 bxc4  1/2-1/2

[Event "2nd Grand Europe Open 2013"]
[Site "Golden Sands BUL"]
[Date "2013.06.14"]
[Round "5.31"]
[White "Skomorokhin,V"]
[Black "Ghosh,D"]
[Result "0-1"]
[WhiteElo "2383"]
[BlackElo "2477"]

1.d4 d5 2.Bg5 Nf6 3.Bxf6 exf6 4.g3 c6 5.c3 f5 6.e3 Nd7 7.Qc2 Nf6 8.Bd3 g6
9.Ne2 Bd6 10.c4 dxc4 11.Bxc4 Qe7 12.a3 Bd7 13.Nd2 c5 14.dxc5 Bxc5 15.Nb3 Bb6
16.Nbd4 Rc8 17.Qd3 O-O 18.O-O Rfd8 19.Rac1 Ne4 20.Ba2 Bc6 21.Rfd1 Ng5 22.Nxc6 bxc6
23.Qc3 Qe4 24.Nf4 Bc7 25.Rxd8+ Rxd8 26.Bd5 Nf3+ 27.Kg2 Rxd5 28.Nxd5 Ne5+
29.Kf1 Qxd5 30.h4 Bb6 31.b4 Qh1+ 32.Ke2 Qf3+ 33.Ke1 Qd5 34.Rd1 Qb5 35.Kd2 a5
36.Kc2 axb4 37.axb4 h5 38.Ra1 Qd5 39.Ra8+ Kh7 40.f4 c5  0-1

[Event "17th Petr Izmailov"]
[Site "Tomsk RUS"]
[Date "2013.06.14"]
[Round "4.19"]
[White "Khlichkova,T"]
[Black "Aleksandrov,Zakhar"]
[Result "1-0"]
[WhiteElo "2215"]
[BlackElo "2129"]

1.d4 Nf6 2.Bg5 c5 3.Bxf6 gxf6 4.c3 Qc7 5.d5 f5 6.e3 Bg7 7.Nf3 e6 8.a4 b6
9.Na3 O-O 10.Bc4 a6 11.Qd3 Qd8 12.Rd1 Qf6 13.e4 fxe4 14.Qxe4 Bb7 15.O-O Qh6
16.Qc2 e5 17.Bd3 d6 18.Bf5 Ra7 19.Qb3 Bc8 20.Bxc8 Rxc8 21.Qxb6 Rac7 22.Nc4 Bf8
23.Ne3 Qf4 24.Qb3 f5 25.Kh1 Rg7 26.Qc2 e4 27.Ng1 Nd7 28.Nh3 Qe5 29.f4 Qf6
30.Ng5 Be7 31.g4 fxg4 32.Qxe4 Qg6 33.Qe6+ Qxe6 34.Nxe6  1-0

[Event "Kings Place Rapid 2013"]
[Site "London ENG"]
[Date "2013.06.15"]
[Round "3.1"]
[White "Pert,R"]
[Black "Howell,D"]
[Result "0-1"]
[WhiteElo "2434"]
[BlackElo "2639"]

1.d4 Nf6 2.Bg5 d5 3.e3 g6 4.Bxf6 exf6 5.Ne2 Nd7 6.g3 f5 7.Bg2 Nf6 8.b3 h5
9.h4 Ne4 10.c4 Bb4+ 11.Kf1 dxc4 12.bxc4 O-O 13.Qb3 c5 14.Kg1 b6 15.Nbc3 Nxc3
16.Nxc3 Bxc3 17.Qxc3 cxd4 18.Qxd4 Rb8 19.Kh2 Be6 20.Bd5 Bxd5 21.cxd5 Qd6
22.Rac1 Rfd8 23.Rhd1 Rbc8 24.Rxc8 Rxc8 25.Rd2 Rc5 26.a4 Kf8 27.Qh8+ Ke7 28.Qd4 Rc7
29.e4 fxe4 30.Qxe4+ Kf8 31.Qd4 Ke8 32.Qh8+ Kd7 33.Qg8 Qf6 34.Qa8 Qd8 35.Qxd8+ Kxd8
36.Rd4 Kd7 37.Kg2 Rc3 38.g4 hxg4 39.Rxg4 Kd6 40.Rf4 Rc7 41.Rd4 Rc5 42.Rf4 Rc7
43.Rd4 Kc5 44.Rd1 Rd7 45.Kg3 Rxd5 46.Rc1+ Kd6 47.Rc4 Rc5 48.Rd4+ Rd5 49.Rc4 Rf5
50.f4 Rc5 51.Rd4+ Rd5 52.Rc4 a6 53.Kf3 b5 54.axb5 axb5 55.Rc1 Rc5 56.Rb1 Kc6
57.Ke4 Rh5 58.Rc1+ Kb6 59.Rd1 Rxh4 60.Rd6+ Kc5 61.Rf6 Kb4 62.Rxf7 g5 63.Ke3 Rxf4
64.Rg7 Rf5 65.Ke4 Rc5 66.Kd4 g4 67.Kd3 Rc3+ 68.Kd2 g3 69.Rg5 Rf3 70.Kc2 Ka4
71.Kb2 b4 72.Rg8 Rf2+ 73.Kb1 g2  0-1

[Event "8th Teplice Open 2013"]
[Site "Teplice CZE"]
[Date "2013.06.16"]
[Round "2.22"]
[White "Smirnov,Arte"]
[Black "Grichkevitch,G"]
[Result "1-0"]
[WhiteElo "2422"]
[BlackElo "2155"]

1.d4 Nf6 2.Bg5 c5 3.d5 Ne4 4.Bf4 Qb6 5.Bc1 e5 6.f3 Nd6 7.e4 f5 8.exf5 Nxf5
9.c4 Be7 10.Nc3 O-O 11.Bd3 Nd4 12.Nge2 Bh4+ 13.Ng3 d6 14.O-O Bxg3 15.hxg3 Nd7
16.g4 Nf6 17.Qe1 Qc7 18.Ne4 Nxe4 19.Qxe4 g6 20.Bh6 Re8 21.Rae1 Bd7 22.Qe3 b5
23.b3 bxc4 24.bxc4 Qd8 25.Bg5 Qc7 26.Bf6 Rf8 27.Qg5 Be8 28.f4 h6 29.Qh4  1-0

[Event "2nd Grand Europe Open 2013"]
[Site "Golden Sands BUL"]
[Date "2013.06.17"]
[Round "8.46"]
[White "Kanmazalp,O"]
[Black "Voiteanu,G"]
[Result "1-0"]
[WhiteElo "2382"]
[BlackElo "2248"]

1.d4 Nf6 2.Bg5 d5 3.e3 g6 4.Bxf6 exf6 5.Bd3 Bg7 6.c3 f5 7.Ne2 O-O 8.Nf4 c6
9.Nd2 Nd7 10.h4 h5 11.Qc2 Nf6 12.O-O-O Ne4 13.Nf3 Re8 14.Kb1 b5 15.Nh3 a5
16.Nfg5 Qd6 17.Rde1 b4 18.c4 a4 19.c5 Qc7 20.Nxe4 fxe4 21.Be2 b3 22.axb3 axb3
23.Qxb3 Bxh3 24.gxh3 Bf6 25.f4 Reb8 26.Qc3 Bd8 27.Kc2 Qb7 28.Ra1 Ba5 29.b4 Qxb4
30.Qxb4 Rxb4 31.Rhb1 Rxb1 32.Kxb1 Rb8+ 33.Kc2 Bd8 34.Ra6 Rc8 35.Ra7 Bxh4
36.Ba6 Rd8 37.Bb7 g5 38.fxg5 Bxg5 39.Kd2 f5 40.Bxc6 f4 41.exf4 Bxf4+ 42.Ke2 h4
43.Re7 Bh2 44.Bb7 Kh8 45.c6 Rg8 46.c7 Bd6 47.Rd7 Bxc7 48.Rxc7 Rg2+ 49.Ke1 Rg3
50.Bxd5 Rxh3 51.Ke2 Rd3 52.Rh7+ Kxh7 53.Bxe4+ Kh6 54.Kxd3  1-0

[Event "7th Srebrno Jezero Open 2013"]
[Site "Srebrno jezero SRB"]
[Date "2013.06.18"]
[Round "7.5"]
[White "Kosanovic,G"]
[Black "Mladenovic,St"]
[Result "1/2-1/2"]
[WhiteElo "2369"]
[BlackElo "2299"]

1.d4 Nf6 2.Bg5 d5 3.e3 e6 4.c4 dxc4 5.Bxc4 c5 6.Nc3 cxd4 7.exd4 Bb4 8.Nf3 Nbd7
9.O-O Bxc3 10.bxc3 Qc7 11.Qe2 O-O 12.Rfc1 b6 13.Ba6 Bxa6 14.Qxa6 Ne4 15.Qd3 Nxg5
16.Nxg5 Nf6 17.a4 h6  1/2-1/2

[Event "12th TCh-BIH Prem"]
[Site "Sarajevo BIH"]
[Date "2013.06.19"]
[Round "5.5"]
[White "Miladinovic,I"]
[Black "Erdos,V"]
[Result "1/2-1/2"]
[WhiteElo "2556"]
[BlackElo "2645"]

1.d4 Nf6 2.Bg5 d5 3.e3 c5 4.Nc3 Nc6 5.dxc5 e6 6.Nf3 Bxc5 7.a3 h6 8.Bh4 Be7
9.Bd3 b6 10.Qe2 Bb7 11.Rd1 O-O 12.Nd4 Rc8 13.Nxc6 Bxc6 14.Nb5 Bxb5 15.Bxb5 Ne4
16.Bxe7 Qxe7 17.O-O Rfd8 18.c3 Nc5 19.Rd4 e5 20.Rd2 Rd6 21.Bd3 Rcd8  1/2-1/2

[Event "8th Teplice Open 2013"]
[Site "Teplice CZE"]
[Date "2013.06.19"]
[Round "5.2"]
[White "Teske,H"]
[Black "Boros,De"]
[Result "1-0"]
[WhiteElo "2514"]
[BlackElo "2498"]

1.d4 Nf6 2.Bg5 d5 3.e3 e6 4.c4 Be7 5.Nc3 O-O 6.Nf3 Nbd7 7.Rc1 Re8 8.Bd3 c6
9.O-O dxc4 10.Bxc4 Nd5 11.Ne4 N5f6 12.Nxf6+ Bxf6 13.Bf4 Qe7 14.Qb3 Rf8 15.e4 e5
16.Bg3 g6 17.Rfd1 exd4 18.e5 Bg7 19.Bh4 Qe8 20.Bxf7+ Rxf7 21.e6 Nb6 22.exf7+ Qxf7
23.Qxf7+ Kxf7 24.Nxd4 Nd5 25.h3 a6 26.a3 Bd7 27.Rc2 Re8 28.Bg3 Bf6 29.Kf1 Re4
30.Nb3 Bf5 31.Rcd2 Bg5 32.Rd4 Re8 33.Nc5 Bf6 34.R4d2 Bc8 35.Re1 Rd8 36.Ne4 Be7
37.Bc7 Rd7 38.Be5 h6 39.Rd3 g5 40.Nc3 Nxc3 41.Rf3+  1-0

[Event "17th Petr Izmailov"]
[Site "Tomsk RUS"]
[Date "2013.06.19"]
[Round "9.19"]
[White "Khlichkova,T"]
[Black "Tunik,S"]
[Result "1-0"]
[WhiteElo "2215"]
[BlackElo "2131"]

1.d4 d5 2.Bg5 Nf6 3.Nd2 Bf5 4.c3 c6 5.f3 Nbd7 6.e3 Qb6 7.Qb3 e6 8.Ne2 Bd6
9.g4 Bd3 10.Bf4 e5 11.dxe5 Nxe5 12.Qxb6 axb6 13.Nd4 Bxf1 14.Kxf1 O-O 15.h4 Rfe8
16.h5 Rad8 17.Nf5 Nc4 18.Nxd6 Nxd6 19.g5 d4 20.Bxd6 dxc3 21.Nc4 b5 22.gxf6 bxc4
23.Ba3 Rd2 24.bxc3 Rxe3 25.Rg1 g6 26.Rg3 Rh2 27.Bc5 Re5 28.Rd1  1-0

[Event "4th Forni di Sopra"]
[Site "Forni di Sopra ITA"]
[Date "2013.06.21"]
[Round "8"]
[White "Moskalenko,V1"]
[Black "Valsecchi,A"]
[Result "1-0"]
[WhiteElo "2536"]
[BlackElo "2422"]

1.d4 Nf6 2.Bg5 c5 3.d5 Ne4 4.Bf4 Qb6 5.Bc1 g6 6.f3 Nd6 7.e4 Bg7 8.c4 O-O
9.Nc3 f5 10.Bd3 Na6 11.exf5 gxf5 12.Nge2 Nb4 13.Bg5 Nf7 14.f4 e6 15.a3 Nxd3+
16.Qxd3 Qb3 17.Be7 Re8 18.d6 b6 19.g4 fxg4 20.h3 Bb7 21.Kf2 g3+ 22.Qxg3 Nh6
23.Rhg1 Nf5 24.Qd3 Rf8 25.Rxg7+ Kxg7 26.Rg1+ Kf7 27.Rg5 Rg8 28.Rxf5+ exf5
29.Qxf5+ Ke8 30.Nd5 Rc8 31.Nf6+ Kf7 32.Nh5+ Ke8 33.Ng7+ Rxg7 34.Qf8+  1-0